LEADER 00925nam0 2200277 450 001 000001966 005 20080722171226.0 010 $a88-203-2506-3 100 $a20001018d2000----km-y0itay50------ba 101 0 $aita 102 $aIT 200 1 $aDiscariche controllate$esignificato e utilizzo delle discariche dopo l'uscita del Decreto Ronchi (D. Lgs. 22/97) e della nuova Direttiva Comunitaria (1999/31/CE)$fSonia Gervasoni 205 $a2. ed. 210 $aMilano$cHoepli$d2000c 215 $a[7], 384 p.$cfig.$d24 cm 225 2 $aBiblioteca tecnica Hoepli 307 $aSeguono: appendici 410 0$12001$aBiblioteca tecnica Hoepli 610 1 $aRifiuti$aEliminazione 676 $a628.4 700 1$aGervasoni,$bSonia$0343757 801 0$aIT$bUNIPARTHENOPE$gRICA$2UNIMARC 912 $a000001966 951 $cPIST$aP1 628-D/2$b34041$d20001018 996 $aDiscariche controllate$9349790 997 $aUNIPARTHENOPE